| 000 | 01008cab a22002055a 4500 | ||
|---|---|---|---|
| 001 | L154464 | ||
| 008 | 131211e2011 xxk 000 0 eng d | ||
| 035 | _a(Sirsi) u154464 | ||
| 041 | 0 | _aeng | |
| 100 | 1 | _aPhillips, Mike | |
| 245 | 0 | 0 | _aHelical makes history at Barts |
| 260 | _c2011 | ||
| 490 | 0 |
_aProperty Week _v77(49) 9 December 2011, 10(1) |
|
| 520 | _aHelical Bar plans to redevelop a 2.3 acre site on the western side of the City. Purchased with US money manager Baupost from the Barts and NHS Trust for £55m with £35m future payments, the project will be one of the largest regenerations in the City in the past 20 years. Helical has produced plans with architect Sheppard Robson for a mixed-use scheme comprising 225 flats, 230 000 sq ft of offices and 27 000 sq ft of shops. | ||
| 590 | _aKA | ||
| 651 | 4 | _aLondon | |
| 690 | _aPROPERTY-COMMERCIAL PROPERTY-COMMERCIAL PROPERTY MARKET | ||
| 690 | _aPROPERTY-COMMERCIAL PROPERTY-COMMERCIAL PROPERTY FINANCE AND INVESTMENT | ||
| 942 | _n0 | ||
| 999 |
_c83632 _d83632 |
||